000 00296nam a22001217a 4500
008 230627b xxu||||| |||| 00| 0 eng d
020 _a9251021120
082 _a338.1
_bFAO 1984
245 _aThe State of Food and Agriculture
260 _aRome
_bFAO
_c1984
300 _aXVI,221p
942 _2ddc
_cBK
999 _c2792
_d2792